000 00673nam a2200289Ia 4500
005 20260324140336.0
008 008 260324s9999 xx 000 0 eng d
020 _a9781315502014
037 _aEBOOK
040 _aCRL
040 _beng
040 _cCRL
041 _2eng
041 _aeng
084 _qCRL
100 _aDonald M Snow
_91204028
245 4 _aThe Shape of the Future
245 0 _bWorld Politics in a New Century
260 _bTaylor and Francis
260 _c1999
365 _a
365 _b265
856 _uhttp://www.taylorfrancis.com/books/9781315502014
942 _cEBOOK
999 _c1806011
_d1806011